000 00420nam a2200169Ia 4500
008 100416t2006 xxu||||| |||| 00| 0 sin d
041 _asin
080 _aX8S31
_bGUN
100 _aGunawardana, P.S.W.
245 _aසිටුවර වරම
246 _aSituvara Varama
260 _bGodage
_aColombo
_c2006
300 _a188p., 21 cm
942 _cBK
999 _c72710
_d72710
003 LK-CoDNM
040 _aLK-CoDNM
_dLK-CoDNM
_eLK-CoDNM